[Event "SVK-ch U14"]
[Site "Dudince"]
[Date "2023.04.21"]
[Round "7"]
[White "Ammer, Erik1111"]
[Black "Ziman, Damian"]
[Result "1-0"]
[WhiteElo "1498"]
[BlackElo "1341"]
[PlyCount "55"]
[EventDate "2023.04.16"]
[EventType "swiss"]
[EventRounds "9"]
[EventCountry "SVK"]
[SourceTitle "CBM 213 Extra"]
[Source "ChessBase"]
[SourceDate "2023.05.31"]
[SourceVersion "1"]
[SourceVersionDate "2023.05.31"]
[SourceQuality "1"]

1. e4 c5 2. Nf3 d6 3. Bb5+ Nd7 4. c3 a6 5. Bxd7+ Bxd7 6. 0-0 Nf6 7. Re1 e6 8. d4 Be7 9. Nbd2 0-0 10. Nf1 b5 11. Ng3 Bc6 12. h3 Qc7 13. Nh2 Qb7 14. Bg5 h6 15. Bxf6 Bxf6 16. Nh5 Be7 17. Qg4 g6 18. e5 Kh7 19. Nf6+ Bxf6 20. exf6 Rh8 21. Qf4 Qb8 22. Ng4 Qf8 23. dxc5 dxc5 24. Rad1 h5 25. Ne5 Qe8 26. Rd6 Bd5 27. Rd7 Rf8 28. Qg5 1-0

[Event "SVK-ch U12"]
[Site "Stara Lubovna"]
[Date "2021.07.02"]
[Round "8"]
[White "Ziman, Damian"]
[Black "Hasala, Richard"]
[Result "0-1"]
[WhiteElo "1153"]
[BlackElo "1176"]
[PlyCount "110"]
[EventDate "2021.06.26"]
[EventType "swiss"]
[EventRounds "9"]
[EventCountry "SVK"]
[SourceTitle "CBM 203 Extra"]
[Source "ChessBase"]
[SourceDate "2021.09.30"]
[SourceVersion "1"]
[SourceVersionDate "2021.09.30"]
[SourceQuality "1"]

1. e4 e5 2. Nf3 Nc6 3. Bc4 Bc5 4. 0-0 d6 5. c3 Bg4 6. d3 h6 7. Nbd2 Nge7 8. Re1 Na5 9. Bb5+ c6 10. Ba4 b5 11. Bc2 Nb7 12. Nf1 Bxf3 13. Qxf3 Ng6 14. Bb3 0-0 15. Qg3 Kh8 16. Ne3 Bxe3 17. Bxe3 Qe7 18. Bd2 Nc5 19. Bc2 Rad8 20. d4 Nd7 21. Bb3 c5 22. Be3 c4 23. Bc2 Nf6 24. b3 Nh5 25. Qf3 Nhf4 26. bxc4 bxc4 27. Rab1 Nd3 28. Bxd3 cxd3 29. Qd1 Nf4 30. Bxf4 exf4 31. Qxd3 Qg5 32. Qf3 f5 33. Rb7 Rde8 34. e5 Rf6 35. Kf1 Rfe6 36. Rb5 Qh4 37. h3 Qe7 38. Qxf4 g5 39. Qxf5 Rf8 40. Qd3 Qf7 41. Qe3 Qd7 42. Rd5 Rfe8 43. Qg3 Qc6 44. Rxd6 Qxd6 45. f3 Qa6+ 46. Re2 Qd3 47. Qe1 Rc8 48. Kf2 Rxc3 49. Re3 Qc2+ 50. Re2 Qd3 51. Re3 Rc2+ 52. Kg1 Qxd4 53. Kh2 Qd2 54. Re2 Qxe2 55. Qxe2 Rxe2 0-1

[Event "SVK-ch U10"]
[Site "Liptovsky Mikulas"]
[Date "2019.04.27"]
[Round "6"]
[White "Hudak, Michal"]
[Black "Ziman, Damian"]
[Result "0-1"]
[WhiteElo "1052"]
[BlackElo "1000"]
[PlyCount "72"]
[EventDate "2019.04.23"]
[EventType "swiss"]
[EventRounds "9"]
[EventCountry "SVK"]
[SourceTitle "CBM 190 Extra"]
[Source "ChessBase"]
[SourceDate "2019.07.15"]
[SourceVersion "1"]
[SourceVersionDate "2019.07.15"]
[SourceQuality "1"]

1. e4 e5 2. Nf3 Nc6 3. Bc4 Bc5 4. 0-0 Nf6 5. d3 d6 6. c3 0-0 7. h3 Be6 8. Bb3 Re8 9. Re1 Rc8 10. Nbd2 Na5 11. Bc2 Nc6 12. Nf1 d5 13. exd5 Bxd5 14. Ng3 Qd6 15. Nh4 Qd7 16. Ngf5 g6 17. Bg5 Qd8 18. c4 Be6 19. Nh6+ Kg7 20. Qf3 Be7 21. Rad1 Nd4 22. Qg3 Nxc2 23. Rxe5 Bd6 24. N6f5+ gxf5 25. Nxf5+ Bxf5 26. Bf4+ Kh8 27. Rxe8+ Qxe8 28. Qg5 Qe6 29. Bd2 Rg8 30. Qh6 Rg6 31. Qe3 Nxe3 32. Bxe3 Bxh3 33. Kf1 Bxg2+ 34. Ke1 Bb4+ 35. Ke2 Qg4+ 36. f3 Qxf3# 0-1